<?xml version="1.0" encoding="UTF-8"?><?xml-stylesheet type="text/xsl" href="static/style.xsl"?><OAI-PMH xmlns="http://www.openarchives.org/OAI/2.0/" xmlns:xsi="http://www.w3.org/2001/XMLSchema-instance" xsi:schemaLocation="http://www.openarchives.org/OAI/2.0/ http://www.openarchives.org/OAI/2.0/OAI-PMH.xsd"><responseDate>2026-04-14T05:20:32Z</responseDate><request verb="GetRecord" identifier="oai:www.recercat.cat:2445/119918" metadataPrefix="marc">https://recercat.cat/oai/request</request><GetRecord><record><header><identifier>oai:recercat.cat:2445/119918</identifier><datestamp>2025-12-06T01:56:08Z</datestamp><setSpec>com_2072_1057</setSpec><setSpec>col_2072_478809</setSpec><setSpec>col_2072_478917</setSpec></header><metadata><record xmlns="http://www.loc.gov/MARC21/slim" xmlns:dcterms="http://purl.org/dc/terms/" xmlns:xsi="http://www.w3.org/2001/XMLSchema-instance" xmlns:doc="http://www.lyncode.com/xoai" xsi:schemaLocation="http://www.loc.gov/MARC21/slim http://www.loc.gov/standards/marcxml/schema/MARC21slim.xsd">
   <leader>00925njm 22002777a 4500</leader>
   <datafield ind2=" " ind1=" " tag="042">
      <subfield code="a">dc</subfield>
   </datafield>
   <datafield ind2=" " ind1=" " tag="720">
      <subfield code="a">Vilalta, Maite</subfield>
      <subfield code="e">author</subfield>
   </datafield>
   <datafield ind2=" " ind1=" " tag="260">
      <subfield code="c">2018-02-16T13:03:04Z</subfield>
   </datafield>
   <datafield ind2=" " ind1=" " tag="260">
      <subfield code="c">2018-02-16T13:03:04Z</subfield>
   </datafield>
   <datafield ind2=" " ind1=" " tag="260">
      <subfield code="c">2017</subfield>
   </datafield>
   <datafield ind2=" " ind1=" " tag="260">
      <subfield code="c">2018-02-16T13:03:04Z</subfield>
   </datafield>
   <datafield ind2=" " ind1=" " tag="520">
      <subfield code="a">En este trabajo se analizan las relaciones fiscales existentes entre los gobiernos autonómicos y locales en España y se comparan con las existentes entre los gobiernos estatales y locales de determinados países federales, concretamente Alemania, Austria, Bélgica Canadá, EEUU y Suiza. Ello permite identificar los principales cambios que se deberían introducir en el modelo español para aproximarlo al tipo de relaciones fiscales existentes en aquellos países entre el nivel de gobierno regional (los Estados) y el nivel de gobierno local. La finalidad última del escrito es disponer de elementos de análisis y debate sobre el actual funcionamiento de una las fuentes de ingresos de los municipios españoles a través de la cual mantienen una relación financiera con la hacienda autonómica. Se trata de las transferencias que reciben de sus respectivos gobiernos autonómicos y, más concretamente, las canalizadas a través de subvenciones y fondos incondicionados que se inscriben dentro del concepto de Participaciones en los Ingresos de las Comunidades Autónomas (PICA). El trabajo permite constatar que precisamente estas participaciones podrían jugar un papel relevante para aproximar el actual modelo de descentralización autonómico a un modelo de hacienda federal y propone algunas vías para alcanzarlo</subfield>
   </datafield>
   <datafield tag="653" ind2=" " ind1=" ">
      <subfield code="a">Finances autonòmiques</subfield>
   </datafield>
   <datafield tag="653" ind2=" " ind1=" ">
      <subfield code="a">Política fiscal</subfield>
   </datafield>
   <datafield tag="653" ind2=" " ind1=" ">
      <subfield code="a">Federalisme</subfield>
   </datafield>
   <datafield tag="653" ind2=" " ind1=" ">
      <subfield code="a">Comunitats autònomes</subfield>
   </datafield>
   <datafield tag="653" ind2=" " ind1=" ">
      <subfield code="a">Autonomic public finance</subfield>
   </datafield>
   <datafield tag="653" ind2=" " ind1=" ">
      <subfield code="a">Fiscal policy</subfield>
   </datafield>
   <datafield tag="653" ind2=" " ind1=" ">
      <subfield code="a">Federalism</subfield>
   </datafield>
   <datafield tag="653" ind2=" " ind1=" ">
      <subfield code="a">Autonomous communities</subfield>
   </datafield>
   <datafield ind2="0" ind1="0" tag="245">
      <subfield code="a">Las transferencias de las comunidades autónomas a los gobiernos locales en España desde una perspectiva de federalismo fiscal.</subfield>
   </datafield>
</record></metadata></record></GetRecord></OAI-PMH>